[Event "Int. Stuttgarter Stadtmeisterschaft A"]
[Site "Ditzingen"]
[Date "2013.05.11"]
[Round "5.38"]
[White "Schmidt, Markus"]
[Black "Hoeschele, Hans-Ulrich"]
[Result "1-0"]
[WhiteElo "1894"]
[BlackElo "2115"]
[PlyCount "97"]
[EventDate "2013.??.??"]
[WhiteTeam "Stuttgarter SF 1879"]
[BlackTeam "Stuttgarter SF 1879"]

1. e4 e5 2. Nf3 d6 3. d4 exd4 4. Nxd4 Nf6 5. Nc3 Be7 6. Be2 Nc6 7. Be3 O-O 8.
Qd2 Ng4 9. Bxg4 Bxg4 10. f3 Nxd4 11. Bxd4 Be6 12. O-O-O b5 13. Kb1 c6 14. Ne2
c5 15. Be3 b4 16. Nf4 Bxa2+ 17. Kxa2 Qa5+ 18. Kb1 Bf6 19. Qd3 Rfc8 20. Qc4 Bxb2
21. Kxb2 Qa3+ 22. Kb1 Qxe3 23. Nd5 Qg5 24. h4 Qe5 25. f4 Qe8 26. Kb2 Rab8 27.
Ra1 Rb7 28. Ra6 Rc6 29. Rha1 Rxa6 30. Rxa6 Qb8 31. Kb3 h5 32. Qe2 Rd7 33. f5
Qe8 34. f6 Qe5 35. Qf3 Kf8 36. Qf5 c4+ 37. Kxc4 Rc7+ 38. Nxc7 Qc3+ 39. Kb5 Qxc7
40. fxg7+ Kg8 41. Qxh5 Qb7+ 42. Ka5 Kxg7 43. Qg5+ Kh7 44. Qf5+ Kg7 45. Qd5 Qc7+
46. Kxb4 Qxc2 47. Rxd6 Qb2+ 48. Kc5 Qc2+ 49. Kb5 1-0

[Event "Int. Stuttgarter Stadtmeisterschaft A"]
[Site "Ditzingen"]
[Date "2013.05.11"]
[Round "5.39"]
[White "Altimira, Jordi"]
[Black "Gentner, Markus"]
[Result "0-1"]
[WhiteElo "1872"]
[BlackElo "2028"]
[PlyCount "66"]
[EventDate "2013.??.??"]
[WhiteTeam "SV Rottweil"]
[BlackTeam "SC Murrhardt 1948 e.V."]

1. e4 c6 2. f4 d5 3. Nf3 dxe4 4. Ng5 Nf6 5. Bc4 e6 6. Nc3 Bc5 7. Ngxe4 Bb6 8.
d3 Nd5 9. Qe2 Qe7 10. Bd2 Bc7 11. Rf1 b5 12. Bxd5 cxd5 13. Nxb5 Ba6 14. Nec3
Bb6 15. Be3 Bxb5 16. Bxb6 axb6 17. Nxb5 Qb4+ 18. Nc3 Qxb2 19. Kd2 d4 20. Nd5
O-O 21. Rfb1 Qa3 22. Nxb6 Qc3+ 23. Kd1 Ra6 24. Nc4 e5 25. fxe5 f6 26. Qd2 fxe5
27. Qxc3 dxc3 28. Ke2 Nc6 29. Ne3 Nd4+ 30. Ke1 Raf6 31. Rb4 Rf2 32. Rxd4 exd4
33. Nd1 R2f6 0-1

[Event "Int. Stuttgarter Stadtmeisterschaft A"]
[Site "Ditzingen"]
[Date "2013.05.11"]
[Round "5.41"]
[White "Mayer, Dietmar"]
[Black "Bergner, Philipp"]
[Result "0-1"]
[WhiteElo "1802"]
[BlackElo "1946"]
[PlyCount "64"]
[EventDate "2013.??.??"]
[WhiteTeam "SC Böblingen 1975 e.V."]
[BlackTeam "Mönchfelder SV 1967"]

1. d4 Nf6 2. Nf3 g6 3. Nc3 d5 4. Bf4 Bg7 5. e3 c6 6. Be2 Qb6 7. a3 Bg4 8. b4
Nbd7 9. O-O Nh5 10. Bg5 h6 11. Bh4 g5 12. h3 Be6 13. Nd2 Nf4 14. Bg3 Nxe2+ 15.
Qxe2 O-O 16. Nb3 Qd8 17. Na5 Qc8 18. Rfc1 b6 19. Nb3 f5 20. Nb1 Qe8 21. N1d2
Qf7 22. c4 Kh8 23. a4 f4 24. Bh2 dxc4 25. Nxc4 b5 26. Nca5 Bxb3 27. Nxb3 Qxb3
28. axb5 fxe3 29. bxc6 exf2+ 30. Kf1 Nb6 31. b5 Nd5 32. Bg3 Ne3+ 0-1

[Event "Int. Stuttgarter Stadtmeisterschaft A"]
[Site "Ditzingen"]
[Date "2013.05.11"]
[Round "5.42"]
[White "Walliser, Holger"]
[Black "Engelhardt, Frank"]
[Result "1-0"]
[WhiteElo "1942"]
[BlackElo "1882"]
[PlyCount "83"]
[EventDate "2013.??.??"]
[WhiteTeam "SK Sontheim/Brenz e.V."]
[BlackTeam "SC Schachmatt Botnang"]

1. e4 c5 2. Nf3 d6 3. d4 cxd4 4. Nxd4 Nf6 5. Nc3 a6 6. Bc4 e5 7. Nf3 Be7 8. Bg5
Nbd7 9. Qe2 b5 10. Bxf6 Nxf6 11. Bb3 O-O 12. O-O-O Bd7 13. Nd5 Nxd5 14. Bxd5
Rb8 15. Kb1 Qc7 16. Rhg1 Bc6 17. g4 Rb6 18. g5 Bxd5 19. Rxd5 Rc6 20. h4 Rc8 21.
Ne1 Rc4 22. h5 Qa5 23. b3 Rc3 24. g6 fxg6 25. hxg6 h6 26. Rg2 Qc7 27. f4 exf4
28. Rf5 Bf6 29. Rxf4 Qb6 30. Nd3 a5 31. Qh5 Rxd3 32. cxd3 Qe3 33. Qd5+ Kh8 34.
Rf1 Bd4 35. Qxb5 a4 36. Rgf2 Bf6 37. e5 dxe5 38. Rxf6 gxf6 39. Qd7 Rc7 40. Qd8+
Kg7 41. Qxc7+ Kxg6 42. Qc4 1-0

[Event "Int. Stuttgarter Stadtmeisterschaft A"]
[Site "Ditzingen"]
[Date "2013.05.11"]
[Round "5.44"]
[White "Süß, Stefan"]
[Black "Frederiksen Kristian, Pade"]
[Result "1/2-1/2"]
[WhiteElo "1826"]
[BlackElo "1843"]
[PlyCount "54"]
[EventDate "2013.??.??"]
[WhiteTeam "Mosbacher SC von 1931"]
[BlackTeam "Europchess"]

1. d4 Nf6 2. Bf4 g6 3. e3 Bg7 4. Be2 d6 5. h3 O-O 6. Nd2 Nbd7 7. Ngf3 Qe8 8.
O-O e5 9. dxe5 dxe5 10. Bh2 e4 11. Nd4 Ne5 12. Nb5 Nd5 13. Nxe4 c6 14. Nbd6 Qe7
15. Nxc8 Raxc8 16. Nd2 Rcd8 17. Qc1 Nb6 18. Rd1 Na4 19. Rb1 b5 20. c3 Nd3 21.
Qc2 Ndc5 22. Nf3 Ne4 23. Nd4 Bxd4 24. Rxd4 Ng5 25. Rbd1 Ne6 26. Bd6 Nxd4 27.
Rxd4 Rxd6 1/2-1/2

[Event "Int. Stuttgarter Stadtmeisterschaft A"]
[Site "Ditzingen"]
[Date "2013.05.11"]
[Round "5.46"]
[White "Helmich, Jörg"]
[Black "Wezel, Sebastian"]
[Result "0-1"]
[WhiteElo "1803"]
[BlackElo "1848"]
[PlyCount "56"]
[EventDate "2013.??.??"]
[WhiteTeam "Regensb. Turnerschaft"]
[BlackTeam "SV Dettingen Erms"]

1. e4 c5 2. Nc3 Nc6 3. f4 g6 4. Nf3 Bg7 5. Bb5 Nd4 6. Nxd4 cxd4 7. Ne2 Qb6 8.
Bd3 Nf6 9. Ng3 d6 10. O-O Qc5 11. Kh1 O-O 12. Be2 b5 13. d3 Bb7 14. f5 Rac8 15.
fxg6 fxg6 16. Bg4 Nxg4 17. Rxf8+ Rxf8 18. Qxg4 Bc8 19. Qe2 Bd7 20. h4 h6 21.
Bd2 Qe5 22. Be1 Qf6 23. h5 Qh4+ 24. Kg1 Bg4 25. Qd2 Be5 26. Qxh6 Rf6 27. Bf2
gxh5 28. Nh1 Qh2+ 0-1

[Event "Int. Stuttgarter Stadtmeisterschaft A"]
[Site "Ditzingen"]
[Date "2013.05.11"]
[Round "6.1"]
[White "Cuenca Jimenez, Jose Fernando"]
[Black "Ikonnikov, Vyacheslav"]
[Result "1/2-1/2"]
[WhiteElo "2483"]
[BlackElo "2533"]
[PlyCount "41"]
[EventDate "2013.??.??"]
[BlackTeam "SF Bad Mergentheim"]

1. e4 c5 2. Nf3 Nc6 3. d4 cxd4 4. Nxd4 e5 5. Nb5 d6 6. N1c3 a6 7. Na3 Be7 8.
Nc4 b5 9. Ne3 Nf6 10. g3 O-O 11. Bg2 b4 12. Ncd5 Nxd5 13. Nxd5 Bg5 14. Bxg5
Qxg5 15. a3 bxa3 16. Rxa3 Rb8 17. Qd2 Qd8 18. O-O a5 19. b3 Be6 20. Rd1 Nd4 21.
Ne3 1/2-1/2

[Event "Int. Stuttgarter Stadtmeisterschaft A"]
[Site "Ditzingen"]
[Date "2013.05.11"]
[Round "6.2"]
[White "Karpatchev, Aleksandr"]
[Black "Dgebuadze, Alexandre"]
[Result "1/2-1/2"]
[WhiteElo "2488"]
[BlackElo "2528"]
[PlyCount "20"]
[EventDate "2013.??.??"]
[WhiteTeam "SF Bad Mergentheim"]
[BlackTeam "SC 1950 Remagen"]

1. e4 e6 2. d4 d5 3. Nd2 Nf6 4. e5 Nfd7 5. c3 c5 6. Bd3 Nc6 7. Ngf3 Qb6 8. O-O
g6 9. dxc5 Nxc5 10. Nb3 Nxd3 1/2-1/2

[Event "Int. Stuttgarter Stadtmeisterschaft A"]
[Site "Ditzingen"]
[Date "2013.05.11"]
[Round "6.3"]
[White "Dobosz, Henryk"]
[Black "Ortmann, David"]
[Result "1/2-1/2"]
[WhiteElo "2374"]
[BlackElo "2302"]
[PlyCount "27"]
[EventDate "2013.??.??"]
[WhiteTeam "BG Buchen"]
[BlackTeam "SC Böblingen 1975 e.V."]

1. c4 c6 2. Nc3 d5 3. d4 dxc4 4. a4 Nf6 5. Nf3 a5 6. e4 Bg4 7. Bxc4 e6 8. O-O
Bb4 9. e5 Nd5 10. Ne4 O-O 11. Bg5 Be7 12. Bxe7 Qxe7 13. Ra3 Na6 14. h3 1/2-1/2

[Event "Int. Stuttgarter Stadtmeisterschaft A"]
[Site "Ditzingen"]
[Date "2013.05.11"]
[Round "6.4"]
[White "Gheng, Josef"]
[Black "Manakov, Ilya"]
[Result "1/2-1/2"]
[WhiteElo "2311"]
[BlackElo "2350"]
[PlyCount "20"]
[EventDate "2013.??.??"]
[WhiteTeam "SC Erdmannhausen"]
[BlackTeam "SC Erdmannhausen"]

1. c4 g6 2. g3 Bg7 3. Bg2 Nf6 4. Nc3 O-O 5. Nf3 d6 6. d3 e5 7. O-O Nc6 8. Bg5
h6 9. Bxf6 Bxf6 10. Rb1 a5 1/2-1/2

[Event "Int. Stuttgarter Stadtmeisterschaft A"]
[Site "Ditzingen"]
[Date "2013.05.11"]
[Round "6.5"]
[White "Gutman, Lev"]
[Black "Melzner, Lukas"]
[Result "0-1"]
[WhiteElo "2467"]
[BlackElo "2189"]
[PlyCount "104"]
[EventDate "2013.??.??"]
[WhiteTeam "SV Lingen"]
[BlackTeam "SK Klosterlechfeld"]

1. Nf3 Nf6 2. g3 b6 3. Bg2 Bb7 4. O-O e6 5. c4 Be7 6. d4 O-O 7. Qd3 Na6 8. Nc3
d5 9. cxd5 Nb4 10. Qb1 Nbxd5 11. Nxd5 Bxd5 12. Be3 Be4 13. Qc1 Qd5 14. Rd1 Rac8
15. h3 Rfd8 16. Ne1 h6 17. f3 Bh7 18. Nd3 Qb7 19. Bf2 c5 20. dxc5 Bxd3 21. exd3
Bxc5 22. Qd2 Bxf2+ 23. Qxf2 Rc7 24. a4 Qd5 25. Ra3 Qd4 26. Qxd4 Rxd4 27. Rd2
Nd7 28. a5 b5 29. a6 b4 30. Ra5 Rc1+ 31. Bf1 Nc5 32. Rb5 Nxa6 33. Kf2 Nc5 34.
Be2 Nb3 35. Ke3 Rd5 36. Rb8+ Kh7 37. d4 Nxd2 38. Kxd2 Rc7 39. Rxb4 a5 40. Ra4
g6 41. f4 Rcd7 42. Kc3 Kg7 43. h4 Kf6 44. g4 h5 45. gxh5 gxh5 46. Bd3 Rc7+ 47.
Bc4 Rf5 48. Kd3 Rxf4 49. Rxa5 Rxh4 50. b3 Rd7 51. Kc3 Rdxd4 52. Rc5 Rdf4 0-1

[Event "Int. Stuttgarter Stadtmeisterschaft A"]
[Site "Ditzingen"]
[Date "2013.05.11"]
[Round "6.6"]
[White "Khadempour, Farhad"]
[Black "Tuncer, Ufuk"]
[Result "1-0"]
[WhiteElo "2161"]
[BlackElo "2328"]
[PlyCount "61"]
[EventDate "2013.??.??"]
[WhiteTeam "SV Tübingen 1870 e.V."]
[BlackTeam "SC Bad Königshofen 1957"]

1. e4 c5 2. Nf3 d6 3. d4 Nf6 4. Nc3 cxd4 5. Nxd4 a6 6. Be2 e5 7. Nb3 Be7 8. Be3
Be6 9. Nd5 Bxd5 10. exd5 Nbd7 11. O-O O-O 12. c4 Rc8 13. Rc1 Re8 14. f3 Nf8 15.
Qd2 N6d7 16. Rfd1 h6 17. Qb4 b6 18. Na1 a5 19. Qd2 Bg5 20. Nc2 Ng6 21. Na3 e4
22. f4 Nxf4 23. Bxf4 e3 24. Qd4 Bf6 25. Qd3 Bxb2 26. Nb5 Nc5 27. Qf5 g6 28. Qh3
Qf6 29. Bxe3 Bxc1 30. Bxc1 Ne4 31. Rf1 1-0

[Event "Int. Stuttgarter Stadtmeisterschaft A"]
[Site "Ditzingen"]
[Date "2013.05.11"]
[Round "6.7"]
[White "Kvetny, Mark"]
[Black "Baskin, Robert"]
[Result "0-1"]
[WhiteElo "2269"]
[BlackElo "2157"]
[PlyCount "72"]
[EventDate "2013.??.??"]
[WhiteTeam "Stuttgarter SF 1879"]
[BlackTeam "SAbt TuS Makkabi Ffm"]

1. d4 Nf6 2. c4 g6 3. Nc3 Bg7 4. e4 d6 5. Be2 O-O 6. Nf3 e5 7. Be3 Ng4 8. Bg5
f6 9. Bh4 Nc6 10. d5 Ne7 11. Nd2 Nh6 12. f3 c5 13. dxc6 bxc6 14. Bf2 f5 15. O-O
g5 16. b4 Be6 17. Nb3 Ng6 18. Qd2 g4 19. exf5 Bxf5 20. Rad1 Nf4 21. Qxd6 Qg5
22. Qd2 Rad8 23. Qc1 gxf3 24. Bxf3 e4 25. Rxd8 Nh3+ 26. Kh1 Nxf2+ 27. Rxf2
Qxc1+ 28. Nxc1 Rxd8 29. Nxe4 Bxe4 30. Nb3 Bxf3 31. gxf3 Nf5 32. b5 Ne3 33. h4
Rd1+ 34. Kh2 Be5+ 35. Kh3 Rh1+ 36. Rh2 Rxh2# 0-1

[Event "Int. Stuttgarter Stadtmeisterschaft A"]
[Site "Ditzingen"]
[Date "2013.05.11"]
[Round "6.8"]
[White "Wenninger, Philipp"]
[Black "Bongartz, Philipp"]
[Result "1/2-1/2"]
[WhiteElo "2220"]
[BlackElo "2121"]
[PlyCount "65"]
[EventDate "2013.??.??"]
[WhiteTeam "SC Erlangen 48/88 e.V."]
[BlackTeam "Godesberger Schachklub 1929 e.V."]

1. d4 d5 2. c4 e6 3. Nc3 c5 4. cxd5 cxd4 5. Qa4+ Bd7 6. Qxd4 exd5 7. Qxd5 Nf6
8. Qd1 Bc5 9. Nf3 Nc6 10. e3 Qe7 11. Be2 O-O-O 12. O-O g5 13. b4 g4 14. bxc5
gxf3 15. Bxf3 Ne5 16. e4 Bb5 17. Nxb5 Rxd1 18. Rxd1 Nxf3+ 19. gxf3 Rg8+ 20. Kf1
Qxc5 21. Nd6+ Kb8 22. Bf4 Ka8 23. Rac1 Qa5 24. Rc4 Nd7 25. a4 Nb6 26. Rcd4 Nc8
27. Nb5 a6 28. Nc7+ Ka7 29. Rd8 Qxa4 30. R1d4 Qa1+ 31. Rd1 Qa4 32. R1d4 Qa1+
33. Rd1 1/2-1/2

[Event "Int. Stuttgarter Stadtmeisterschaft A"]
[Site "Ditzingen"]
[Date "2013.05.11"]
[Round "6.9"]
[White "Nabavi, Parwis"]
[Black "Löhr, Markus"]
[Result "1/2-1/2"]
[WhiteElo "2139"]
[BlackElo "2235"]
[PlyCount "48"]
[EventDate "2013.??.??"]
[WhiteTeam "SGEM Dreisamtal"]
[BlackTeam "SK Schmiden/Cannstatt"]

1. d4 d5 2. c4 Nc6 3. Nf3 Bg4 4. cxd5 Bxf3 5. gxf3 Qxd5 6. e3 e6 7. Nc3 Qh5 8.
f4 Qxd1+ 9. Kxd1 O-O-O 10. Bg2 Nce7 11. Ke2 Nf6 12. Bd2 Nf5 13. Rhc1 Kb8 14. b4
h6 15. Nb5 c6 16. Na3 g5 17. Nc4 Nd5 18. Ne5 Rh7 19. fxg5 hxg5 20. Rab1 f6 21.
Ng4 Be7 22. h3 Nh4 23. Bh1 Nf5 24. Bg2 Nh4 1/2-1/2

[Event "Int. Stuttgarter Stadtmeisterschaft A"]
[Site "Ditzingen"]
[Date "2013.05.11"]
[Round "6.10"]
[White "Vaysberg, Alexander"]
[Black "Bluma, Marcel"]
[Result "1-0"]
[WhiteElo "2202"]
[BlackElo "2109"]
[PlyCount "85"]
[EventDate "2013.??.??"]
[WhiteTeam "SG Ludwigsburg 1919"]
[BlackTeam "SC Ingersheim e.V."]

1. d4 d5 2. Nf3 Nf6 3. e3 e6 4. Bd3 Ne4 5. Bxe4 dxe4 6. Nfd2 f5 7. b3 Bd6 8.
Qh5+ g6 9. Qe2 Nc6 10. Bb2 e5 11. d5 Nb4 12. Nc4 O-O 13. Nc3 f4 14. a3 f3 15.
gxf3 exf3 16. Qd2 Na6 17. h4 Rf5 18. O-O-O Rh5 19. Ne4 Nc5 20. Nxc5 Bxc5 21.
Nxe5 Qe7 22. b4 Bd6 23. Nc4 Bd7 24. e4 Qf8 25. e5 Be7 26. e6 Bb5 27. Ne3 Bf6
28. Bxf6 Qxf6 29. Qd4 Kg7 30. c4 Ba4 31. Ng4 Qxd4 32. Rxd4 g5 33. Ne3 Kf6 34.
hxg5+ Rxg5 35. Rxh7 Ke5 36. Rg4 Rxg4 37. Nxg4+ Kd4 38. Kd2 Kxc4 39. Ne3+ Kd4
40. Rxc7 b6 41. d6 Rd8 42. d7 Ke5 43. Rc8 1-0

[Event "Int. Stuttgarter Stadtmeisterschaft A"]
[Site "Ditzingen"]
[Date "2013.05.11"]
[Round "6.11"]
[White "Raupp, Thomas"]
[Black "Bergauz, Noam"]
[Result "1-0"]
[WhiteElo "2325"]
[BlackElo "1900"]
[PlyCount "69"]
[EventDate "2013.??.??"]
[WhiteTeam "SC Eppingen"]
[BlackTeam "SK München Südost e.V."]

1. d4 Nf6 2. c4 g6 3. Nc3 Bg7 4. e4 d6 5. Nf3 O-O 6. Be2 Nbd7 7. O-O e5 8. Re1
c6 9. Rb1 Nh5 10. g3 a6 11. Be3 Nhf6 12. dxe5 dxe5 13. Nd2 Qe7 14. b4 a5 15. a3
axb4 16. axb4 b6 17. Qc2 h5 18. b5 Bb7 19. bxc6 Bxc6 20. Nd5 Nxd5 21. cxd5 Ba4
22. Qb2 f5 23. exf5 Rxf5 24. Ne4 Rc8 25. Rec1 Rff8 26. Qa2 Rxc1+ 27. Rxc1 b5
28. Rc7 Qd8 29. d6+ Kh8 30. Qe6 Nf6 31. Bg5 b4 32. Bc4 Bc2 33. Nxf6 Bxf6 34.
Bxf6+ Rxf6 35. Rc8 1-0

[Event "Int. Stuttgarter Stadtmeisterschaft A"]
[Site "Ditzingen"]
[Date "2013.05.11"]
[Round "6.12"]
[White "von Zimmermann, Georg"]
[Black "Englert, Fabian"]
[Result "0-1"]
[WhiteElo "2070"]
[BlackElo "2244"]
[PlyCount "50"]
[EventDate "2013.??.??"]
[WhiteTeam "MSA Zugzwang 82 e.V."]
[BlackTeam "SK 1982 Klingenberg/Main"]

1. e4 c5 2. Nf3 e6 3. d3 Nc6 4. g3 g6 5. Bg2 Bg7 6. O-O Nge7 7. c3 d5 8. Qc2
O-O 9. Nbd2 b5 10. Re1 Bb7 11. h4 a5 12. a3 a4 13. e5 Qb8 14. c4 Rc8 15. cxb5
Nxe5 16. Nxe5 Bxe5 17. Nf3 Bd6 18. Bh3 d4 19. Ng5 Nf5 20. Bxf5 exf5 21. Qc4 Rf8
22. Bf4 Bxf4 23. gxf4 Qxf4 24. Nxf7 Qg4+ 25. Kf1 Bg2+ 0-1

[Event "Int. Stuttgarter Stadtmeisterschaft A"]
[Site "Ditzingen"]
[Date "2013.05.11"]
[Round "6.13"]
[White "Wettengel, Alexander"]
[Black "Kabisch, Thilo"]
[Result "0-1"]
[WhiteElo "2096"]
[BlackElo "2264"]
[PlyCount "118"]
[EventDate "2013.??.??"]
[WhiteTeam "Stuttgarter SF 1879"]
[BlackTeam "SK Schmiden/Cannstatt"]

1. e4 c5 2. Nf3 Nc6 3. d4 cxd4 4. Nxd4 e5 5. Nb5 d6 6. N1c3 a6 7. Na3 Be7 8.
Nd5 Nf6 9. Nxe7 Nxe7 10. Bd3 d5 11. exd5 Nexd5 12. O-O O-O 13. c4 Nb4 14. Be2
Bf5 15. Qb3 Qe7 16. Bd2 Nc6 17. Be3 Rac8 18. Rad1 Be6 19. Qb6 Qb4 20. Nc2 Qxb6
21. Bxb6 Nd7 22. Be3 Rfe8 23. Rd2 f5 24. f4 Nf6 25. fxe5 Ne4 26. Rdd1 Nxe5 27.
Nd4 Nxc4 28. Bc1 Ncd6 29. g4 fxg4 30. Bf4 h5 31. Nxe6 Rxe6 32. Bd3 Rce8 33. Bc2
b5 34. Rfe1 Nc4 35. b3 Nc3 36. Rxe6 Rxe6 37. Rd8+ Kf7 38. bxc4 Re1+ 39. Kf2
Re2+ 40. Kf1 Rxc2 41. cxb5 axb5 42. Rc8 b4 43. Rc4 Rb2 44. Be5 Ke6 45. Bxg7
Rxh2 46. Rxb4 Nd5 47. Re4+ Kf7 48. Re5 Nf4 49. Bh6 Nh3 50. Rxh5 Kg6 51. Rh4 Kf5
52. a4 g3 53. Be3 g2+ 54. Ke1 Rh1+ 55. Kd2 Nf2 56. Rf4+ Ke5 57. Rxf2 g1=Q 58.
Rf5+ Kxf5 59. Bxg1 Rxg1 0-1

[Event "Int. Stuttgarter Stadtmeisterschaft A"]
[Site "Ditzingen"]
[Date "2013.05.11"]
[Round "6.14"]
[White "Büter, Norbert"]
[Black "Aring, Gerd"]
[Result "0-1"]
[WhiteElo "2048"]
[BlackElo "2196"]
[PlyCount "78"]
[EventDate "2013.??.??"]
[WhiteTeam "SpVgg Rommelshausen"]
[BlackTeam "SV Nürtingen 1920"]

1. d4 Nf6 2. c4 c5 3. d5 b5 4. cxb5 a6 5. Nc3 axb5 6. e4 b4 7. Nb5 d6 8. Bc4 g6
9. e5 dxe5 10. d6 exd6 11. Bg5 Ra6 12. Bxf6 Qxf6 13. Nc7+ Kd8 14. Nxa6 Bxa6 15.
Bxa6 Nxa6 16. a4 Qe6 17. Nf3 f6 18. O-O Be7 19. Nd2 d5 20. a5 Kc7 21. Qe2 Qc6
22. Rfc1 Kb7 23. Rc2 Rc8 24. Rac1 Ka7 25. Qe3 Kb7 26. Qh6 Rc7 27. Qxh7 f5 28.
Qh6 c4 29. Nf3 Qf6 30. Qd2 Qe6 31. Qe2 Bf6 32. Re1 e4 33. Qe3 Nc5 34. Nd4 Qd7
35. Ra1 Ka6 36. b3 f4 37. Qd2 Nd3 38. Rac1 Bxd4 39. bxc4 Bxf2+ 0-1

[Event "Int. Stuttgarter Stadtmeisterschaft A"]
[Site "Ditzingen"]
[Date "2013.05.11"]
[Round "6.15"]
[White "Tran, Thanh Kien"]
[Black "Krockenberger, Martin"]
[Result "1/2-1/2"]
[WhiteElo "1977"]
[BlackElo "2180"]
[PlyCount "89"]
[EventDate "2013.??.??"]
[WhiteTeam "VLK Lampertheim"]
[BlackTeam "SK Schmiden/Cannstatt"]

1. d4 Nf6 2. Nf3 g6 3. c4 Bg7 4. Nc3 O-O 5. e4 d6 6. Be2 Nbd7 7. O-O e5 8. d5
Nc5 9. Qc2 a5 10. Bg5 h6 11. Be3 Nfd7 12. Nd2 f5 13. exf5 gxf5 14. f4 e4 15.
Nb3 b6 16. Nd4 Nf6 17. Rae1 h5 18. h3 Bd7 19. b3 Qe8 20. a3 Qg6 21. b4 Na6 22.
b5 Nc5 23. Nb3 Nxb3 24. Qxb3 Kh7 25. Bd1 Rg8 26. Rf2 Bh6 27. Ne2 Qf7 28. Nd4
Rg3 29. Qc2 Rag8 30. Kh1 Bf8 31. Qd2 Qg6 32. Rfe2 Be7 33. Rg1 Kh6 34. Nc2 Nh7
35. Ne1 Bf6 36. a4 Qg7 37. Bf2 Bc3 38. Qc2 Bxe1 39. Rexe1 Rxg2 40. Bd4 Rxg1+
41. Rxg1 Qf7 42. Rxg8 Qxg8 43. Qf2 Qd8 44. Qg3 Qe7 45. Kg2 1/2-1/2

[Event "Int. Stuttgarter Stadtmeisterschaft A"]
[Site "Ditzingen"]
[Date "2013.05.11"]
[Round "6.16"]
[White "Bräuner, Uwe"]
[Black "Bissbort, Julian"]
[Result "1-0"]
[WhiteElo "2152"]
[BlackElo "2034"]
[PlyCount "121"]
[EventDate "2013.??.??"]
[WhiteTeam "SF Pfullingen"]
[BlackTeam "Heilbronner SV"]

1. d4 Nf6 2. Nf3 e6 3. Bg5 Be7 4. Nbd2 d5 5. e3 O-O 6. Bd3 b6 7. Qe2 a5 8. Ne5
Ba6 9. Bxa6 Nxa6 10. Nc6 Qd6 11. Nxe7+ Qxe7 12. O-O h6 13. Bh4 g5 14. Bg3 c5
15. c3 Nc7 16. f4 Ne4 17. Nxe4 dxe4 18. fxg5 hxg5 19. Bxc7 Qxc7 20. Rf6 Kg7 21.
Raf1 Rh8 22. Rxf7+ Qxf7 23. Rxf7+ Kxf7 24. Qg4 cxd4 25. exd4 Rag8 26. Qxe4 g4
27. b3 Rh5 28. Qb7+ Kf6 29. Qxb6 Rf5 30. c4 Rf8 31. Qd6 Kg5 32. h3 R8f6 33. Qg3
Rf1+ 34. Kh2 R1f4 35. Qe3 Kh5 36. Kg3 gxh3 37. Kxh3 Rh4+ 38. Kg3 Rg4+ 39. Kh2
Rfg6 40. g3 Rf6 41. Kg2 Rg7 42. Qe5+ Kg6 43. Qxa5 Rgf7 44. Qd2 Rf5 45. b4 Rh7
46. a4 Rfh5 47. Qd3+ Kf6 48. a5 Rh2+ 49. Kf3 Rf7 50. a6 Ke7+ 51. Ke4 Rh1 52.
Qe3 Ra1 53. b5 Rff1 54. Qg5+ Kd7 55. Qg7+ Ke8 56. Ke5 Rf7 57. Qg6 Kf8 58. Kd6
e5 59. dxe5 Raf1 60. b6 R1f6+ 61. Qxf6 1-0

[Event "Int. Stuttgarter Stadtmeisterschaft A"]
[Site "Ditzingen"]
[Date "2013.05.11"]
[Round "6.17"]
[White "Wenner, Tobias"]
[Black "Jurasin, Marin"]
[Result "1-0"]
[WhiteElo "2111"]
[BlackElo "2034"]
[PlyCount "67"]
[EventDate "2013.??.??"]
[WhiteTeam "SC Eppingen"]
[BlackTeam "SG Schönbuch"]

1. Nf3 Nf6 2. c4 c5 3. Nc3 g6 4. d4 cxd4 5. Nxd4 Bg7 6. e4 d6 7. Be2 Nc6 8. Be3
O-O 9. O-O Bd7 10. Qd2 Rc8 11. f3 a6 12. Rac1 Nxd4 13. Bxd4 Qa5 14. Rfd1 Qh5
15. Bxf6 Bxf6 16. Nd5 Qe5 17. f4 Qe6 18. Nxf6+ exf6 19. Bf3 b5 20. Qxd6 Qxd6
21. Rxd6 Be6 22. c5 Bxa2 23. Rxa6 Bc4 24. b4 Rfe8 25. Rd1 Re6 26. Rxe6 Bxe6 27.
e5 fxe5 28. fxe5 Kf8 29. Ra1 Rc7 30. Ra8+ Ke7 31. Rb8 Bc4 32. c6 Ke6 33. Rb7
Rc8 34. Bg4+ 1-0

[Event "Int. Stuttgarter Stadtmeisterschaft A"]
[Site "Ditzingen"]
[Date "2013.05.11"]
[Round "6.18"]
[White "Schröder, Kevin"]
[Black "Sand, Rolf"]
[Result "1-0"]
[WhiteElo "2046"]
[BlackElo "1963"]
[PlyCount "127"]
[EventDate "2013.??.??"]
[WhiteTeam "LSV Turm Lippstadt"]
[BlackTeam "SV Tübingen 1870 e.V."]

1. e4 c5 2. Nf3 d6 3. d4 cxd4 4. Nxd4 Nf6 5. Nc3 a6 6. Bg5 e6 7. f4 h6 8. Bh4
Be7 9. Qf3 Qc7 10. O-O-O Nbd7 11. g4 g5 12. fxg5 Ne5 13. Qg3 Nfxg4 14. g6 fxg6
15. Bxe7 Qxe7 16. h3 Qg5+ 17. Rd2 Nf6 18. Qh2 Nh5 19. Rg1 Qf4 20. Qg2 Rf8 21.
Be2 Bd7 22. Rf1 Qg3 23. Rxf8+ Kxf8 24. Qxg3 Nxg3 25. Bg4 Ke7 26. Rg2 h5 27.
Bxe6 Bxe6 28. Rxg3 Rf8 29. b3 Rf4 30. Nxe6 Kxe6 31. Kd2 h4 32. Re3 Rf2+ 33. Ne2
Kf6 34. Rc3 Nc6 35. Rd3 Ke7 36. Ke1 Rf6 37. Nc3 Rf7 38. Nd5+ Ke6 39. Ke2 Ke5
40. Ke3 g5 41. Nc3 Ke6 42. Ne2 Rf1 43. Rd5 Ne5 44. Nd4+ Kd7 45. Nf5 Re1+ 46.
Kf2 Rxe4 47. Nxd6 Kc6 48. Nxe4 Kxd5 49. Nxg5 Kd4 50. Nf3+ Nxf3 51. Kxf3 Kc3 52.
Kg4 Kxc2 53. Kxh4 Kb2 54. Kg3 Kxa2 55. h4 Kxb3 56. h5 a5 57. h6 a4 58. h7 a3
59. h8=Q a2 60. Kf3 b5 61. Ke3 b4 62. Kd2 Ka3 63. Qa1 b3 64. Kc3 1-0

[Event "Int. Stuttgarter Stadtmeisterschaft A"]
[Site "Ditzingen"]
[Date "2013.05.11"]
[Round "6.19"]
[White "Neyman, Igor"]
[Black "Häussler, Daniel"]
[Result "1/2-1/2"]
[WhiteElo "2334"]
[BlackElo "1992"]
[PlyCount "68"]
[EventDate "2013.??.??"]
[WhiteTeam "Stuttgarter SF 1879"]
[BlackTeam "SC Ostfildern 1952 e.V."]

1. d4 Nf6 2. c4 c5 3. d5 e6 4. Nc3 exd5 5. cxd5 d6 6. e4 g6 7. f4 Bg7 8. Bb5+
Nbd7 9. e5 dxe5 10. fxe5 Nh5 11. e6 Qh4+ 12. g3 Nxg3 13. hxg3 Qxh1 14. Be3
Bxc3+ 15. bxc3 a6 16. exd7+ Bxd7 17. Bxd7+ Kxd7 18. Qa4+ b5 19. Qf4 Rhe8 20.
O-O-O Qe4 21. Bxc5 Qxf4+ 22. gxf4 Re4 23. f5 Rc8 24. Bd4 Kd6 25. Nf3 gxf5 26.
Ng5 Kxd5 27. Bf6+ Kc6 28. Nxe4 fxe4 29. Rh1 Kd5 30. Kd2 Rg8 31. a4 Rg2+ 32. Ke3
Rg3+ 33. Ke2 Rg2+ 34. Ke3 Rg3+ 1/2-1/2

[Event "Int. Stuttgarter Stadtmeisterschaft A"]
[Site "Ditzingen"]
[Date "2013.05.11"]
[Round "6.20"]
[White "Gheng, Simona"]
[Black "Montigel, Philipp"]
[Result "1/2-1/2"]
[WhiteElo "2025"]
[BlackElo "2144"]
[PlyCount "26"]
[EventDate "2013.??.??"]
[WhiteTeam "TSV Schönaich"]
[BlackTeam "SV Stuttgart-Wolfbusch 1956 e.V."]

1. e4 e5 2. Nf3 Nc6 3. Bb5 f5 4. Nc3 fxe4 5. Nxe4 Nf6 6. Nxf6+ Qxf6 7. O-O Nd4
8. Re1 Nxf3+ 9. Qxf3 Qxf3 10. gxf3 c6 11. Bf1 Kf7 12. Rxe5 d5 13. d4 Bd6
1/2-1/2

[Event "Int. Stuttgarter Stadtmeisterschaft A"]
[Site "Ditzingen"]
[Date "2013.05.11"]
[Round "6.21"]
[White "Zeller, Elisa"]
[Black "Scherer, Holger"]
[Result "1/2-1/2"]
[WhiteElo "1896"]
[BlackElo "2131"]
[PlyCount "74"]
[EventDate "2013.??.??"]
[WhiteTeam "SF Deizisau"]
[BlackTeam "SK Lauffen"]

1. e4 c5 2. Nf3 e6 3. d4 cxd4 4. Nxd4 a6 5. Nc3 Qc7 6. Be2 Nf6 7. O-O Be7 8.
Kh1 d6 9. f4 Nbd7 10. a4 b6 11. Bf3 Bb7 12. Qe2 O-O 13. g4 Rfd8 14. Qg2 e5 15.
Nf5 Bf8 16. g5 Ne8 17. Rg1 Kh8 18. Qh3 exf4 19. Bxf4 Ne5 20. Bxe5 dxe5 21. Rg4
g6 22. Rh4 f6 23. Nd5 Rxd5 24. exd5 fxg5 25. d6 Nxd6 26. Nxd6 Bxf3+ 27. Qxf3
Qxd6 28. Rd1 Qe7 29. Rxh7+ Qxh7 30. Qxa8 Qf7 31. Kg2 Kg7 32. Rf1 Qe7 33. Qxa6
Qe6 34. Qb7+ Be7 35. Qe4 Bc5 36. Re1 Kf6 37. Qf3+ Kg7 1/2-1/2